000 00336nam a22001337a 4500
999 _c55060
_d55060
008 200205b ||||| |||| 00| 0 eng d
041 _aeng
080 _2043.3
_a043.3
082 _a043.3
100 _a0
101 _aBTH
245 _aRoli i E-Marketingut dhe Strategjisë WOM në Zhvillimin e Bizneseve
_cMaliqi,D
942 _2udc
_cBK